The Office: Angela Martin's Cats Quiz Stats

 Plays Quiz Updated Jan 20, 2018

Challenge
Share
Tweet
Embed
Score 0/12 Timer 01:00
4 Plays Today
% Correct
Sprinkles
87.9%
Princess Lady
83.5%
Bandit
81.3%
Mr. Ash
64.9%
Garbage
64.1%
Comstock
63.7%
Lumpy
58%
Philip
55.1%
Milky Way
48.9%
Petals
47.6%
Diane
43.2%
Ember
41.2%

You're not logged in!

Compare scores with friends on all Sporcle quizzes.
OR
Log In

You Might Also Like...

Show Comments

Extras

Top Quizzes Today


Score Distribution

Your Account Isn't Verified!

In order to create a playlist on Sporcle, you need to verify the email address you used during registration. Go to your Sporcle Settings to finish the process.

Report this User

Report this user for behavior that violates our Community Guidelines.

Details: